| 000 | 00420nam a22001337a 4500 | ||
|---|---|---|---|
| 040 | _cNUST | ||
| 082 | _a220 PRO | ||
| 100 |
_aMOHAMMAD AWAIS MUHAMMAD ANEES KHAN RAJAB ALI _997795 |
||
| 110 |
_a PROJECT SUPERVISORS DR. AIMAL KHAN DR.RIZWAN MASOOD Tags: 220PRO _997818 |
||
| 245 | _aPR-SOF-2119-Intelligent Glove | ||
| 260 |
_aISLAMABAD: _bNUST COLLEGE OF EME, _c2022. |
||
| 650 |
_aDE-COMP-40 _996496 |
||
| 942 |
_2ddc _cPR |
||
| 999 |
_c591172 _d591172 |
||